| 000 | 00512nam a22001817a 4500 | ||
|---|---|---|---|
| 005 | 20230131072623.0 | ||
| 008 | 230131b |||||||| |||| 00| 0 eng d | ||
| 020 | _a978-93-5115-844-8 | ||
| 082 | _a684.1 T531f 2016 | ||
| 110 | _a3G Elearning | ||
| 245 |
_aFurniture making (Finishing): _bintermediate / _c3G Elearning |
||
| 260 |
_aUAE: _b3G Elearning, _cc2016. |
||
| 300 |
_avi, 296p.; _bcol. ill.; w/ DVD |
||
| 504 | _aIncludes index | ||
| 541 | _e6000 | ||
| 650 | _aFurniture making | ||
| 650 | _aWood work | ||
| 999 |
_c791 _d791 |
||